| 000 | 00758cam a2200241 a 4500 | ||
|---|---|---|---|
| 020 | _a0072295074 (combined) | ||
| 020 | _a0072295090 (fiction) | ||
| 020 | _a0072295104 (poetry) | ||
| 020 | _a0072295112 (drama) | ||
| 040 | _cDLC | ||
| 082 | 0 | 0 | _a808 MCG 2000 A094 Or. |
| 100 | 1 | _aDiYanni, Robert. | |
| 245 | 1 | 0 |
_aLiterature : _breading fiction, poetry, and drama / |
| 250 | _aCompact ed. | ||
| 260 |
_aBoston : _bMcGraw-Hill College, _cc2000. |
||
| 300 |
_axxxiii, 1482 p. : _bcol. ill. ; _c24 cm. |
||
| 500 | _aIncludes index. | ||
| 650 | 0 | _aLiterature. | |
| 650 | 0 | _aLiterature | |
| 856 | 4 | 2 | _uhttp://www.loc.gov/catdir/description/mh023/99014165.html |
| 856 | 4 | 2 | _uhttp://www.loc.gov/catdir/enhancements/fy0737/99014165-b.html |
| 942 | _cAEDBB | ||
| 999 |
_c13860 _d13860 |
||